| 000 | 01406cad a22002415a 4500 | ||
|---|---|---|---|
| 001 | L146248 | ||
| 008 | 081219e20081812xxkd f s 000 0 eng d | ||
| 020 | _a9781409809876 | ||
| 035 | _a(Sirsi) u146248 | ||
| 041 | 0 | _aeng | |
| 050 | 0 | 4 | _a306.1 $2 18 |
| 110 | 2 |
_aUnited Kingdom _bDepartment for Communities and Local Government _94939 |
|
| 245 | 0 | 0 |
_aAffordable housing supply England 2007-2008 _h[electronic resource] |
| 260 |
_aLondon _bDCLG _c2008 |
||
| 505 | 2 | _aHeadlines -- Introduction -- New build and acquisition trends -- National trends in new affordable homes -- Regional trends -- Affordable housing targets -- Data collection -- Strengths & weaknesses of data -- Guidance notes -- Enquiries | |
| 520 | _aLatest government statistics for affordable housing supply in England. 53 370 additional affordable homes were supplied in 2008, an increase of 21 percent. New build homes accounted for 43 561 or 81 percent of affordable homes during the period. Just under half (47 percent) of affordable homes were provided in London and eight out of nine regions showed an increase in available affordable homes. | ||
| 521 | _aAdvanced | ||
| 590 | _aKA | ||
| 651 | 4 |
_aEngland and Wales _y1543- |
|
| 690 |
_aResidential property _96266 |
||
| 856 | 4 | 0 |
_uhttps://www.communities.gov.uk/documents/statistics/pdf/1102058.pdf _zView the item free of charge online at www.communities.gov.uk |
| 942 | _n0 | ||
| 999 |
_c109086 _d109086 |
||